LABOUR AND INDUSTRIAL LAW (Record no. 10432)
[ view plain ]
| 000 -LEADER | |
|---|---|
| fixed length control field | 00929nam a22001697a 4500 |
| 003 - CONTROL NUMBER IDENTIFIER | |
| control field | SGT |
| 020 ## - INTERNATIONAL STANDARD BOOK NUMBER | |
| International Standard Book Number | 9788120344983 |
| 082 ## - DEWEY DECIMAL CLASSIFICATION NUMBER | |
| Classification number | PAD |
| 100 ## - MAIN ENTRY--PERSONAL NAME | |
| Personal name | PADHI,P.K |
| 245 ## - TITLE STATEMENT | |
| Title | LABOUR AND INDUSTRIAL LAW |
| 250 ## - EDITION STATEMENT | |
| Edition statement | 2ND |
| 260 ## - PUBLICATION, DISTRIBUTION, ETC. (IMPRINT) | |
| Place of publication, distribution, etc | NEW DELHI |
| Name of publisher, distributor, etc | PHI |
| Year of Publication | 2016 |
| 300 ## - PAGE DESCRIPTION | |
| No. of Pages | 906 |
| 650 ## - SUBJECT ADDED ENTRY--TOPICAL TERM | |
| Topical term or geographic name as entry element | LABOUR AND INDUSTRIAL LAW |
| 653 ## - KEYWORDS--INDEX TERM | |
| Keyword term | INTRODUCTION, THE INDUSTRIAL DISPUTES ACT, 1947, THE CONTRACT LABOUR (REGULATION AND ABOLITION) ACT, 1970, THE CHILD LABOUR (PROHIBITION AND REGULATION) ACT, 1986, THE PAYMENT OF BONUS ACT, 1965, THE PAYMENT OF GRATUITY ACT, 1972, THE INDUSTRIAL EMPLOYMENT (STANDING ORDERS) ACT, 1946, APPRENTICES ACT, 1961, THE MINIMUM WAGES ACT, 1948, THE PAYMENT OF WAGES ACT, 1936, THE TRADE UNIONS ACT, 1926, THE EMPLOYEES’ COMPENSATION ACT, 1923, THE EMPLOYEES’ STATE INSURANCE ACT, 1948, EMPLOYEES’ PROVIDENT FUNDS AND MISCELLANEOUS PROVISIONS ACT, 1952, THE FACTORIES ACT, 1948 |
| 942 ## - ADDED ENTRY ELEMENTS (KOHA) | |
| Source of classification or shelving scheme | Dewey Decimal Classification |
| Koha item type | FCM Books |
| 942 ## - ADDED ENTRY ELEMENTS (KOHA) | |
| -- | 1 |
| Withdrawn status | Lost status | Source of classification or shelving scheme | Damaged status | Not for loan | Collection code | Home library | Current library | Shelving location | Date acquired | Vendor Name | Cost, normal purchase price | SGTU | Bill Number | Full call number | Accession No. (Barcode) | Date last seen | Bill Date | Koha item type | Total Checkouts | Date last borrowed |
|---|---|---|---|---|---|---|---|---|---|---|---|---|---|---|---|---|---|---|---|---|
| Dewey Decimal Classification | Not For Loan | COMMERCE MANAGEMENT | SGT Science & Social Sciences Library | SGT Science & Social Sciences Library | Reference Book | 14/01/2017 | INDIAN PUBLISHERS & DISTRIBUTES | 595.00 | SGTU | 117 | PAD | CM3419 | 14/01/2017 | FCM Books | ||||||
| Dewey Decimal Classification | COMMERCE MANAGEMENT | SGT Science & Social Sciences Library | SGT Science & Social Sciences Library | On Display | 14/01/2017 | INDIAN PUBLISHERS & DISTRIBUTES | 595.00 | SGTU | 117 | PAD | CM3420 | 12/03/2018 | FCM Books | 1 | 10/03/2018 | |||||
| Dewey Decimal Classification | COMMERCE MANAGEMENT | SGT Science & Social Sciences Library | SGT Science & Social Sciences Library | On Display | 14/01/2017 | INDIAN PUBLISHERS & DISTRIBUTES | 595.00 | SGTU | 117 | PAD | CM3421 | 25/04/2018 | FCM Books | 1 | 30/03/2018 | |||||
| Dewey Decimal Classification | COMMERCE MANAGEMENT | SGT Science & Social Sciences Library | SGT Science & Social Sciences Library | On Display | 14/01/2017 | INDIAN PUBLISHERS & DISTRIBUTES | 595.00 | SGTU | 117 | PAD | CM3422 | 14/01/2017 | FCM Books | |||||||
| Dewey Decimal Classification | COMMERCE MANAGEMENT | SGT Science & Social Sciences Library | SGT Science & Social Sciences Library | On Display | 14/01/2017 | INDIAN PUBLISHERS & DISTRIBUTES | 595.00 | SGTU | 117 | PAD | CM3423 | 08/05/2024 | FCM Books | 1 | 08/05/2024 |